书目信息 |
| 书名: | The marketing game! | |
| 作者: | Charlotte H. Mason, William D. Perreault, Jr. | |
| 分册号: | ||
| 分册名: | 出版地: | Boston : |
|
| 出版社: | McGraw-Hill/Irwin | |
| 出版时间: | c2002. | |
| 页数: | xviii, 100 p. : | |
| 开本: | 28 cm. + | |
| 丛书名: | ||
| 中图分类号: | ||
| 科图分类号: | ||
| 其他分类号: | F73 | |
| 主题词: | ||
| 电子资源: | ||
| 000 | 01265cam a2200325 a 450 | |
| 001 | E0736946148 | |
| 005 | 20070713101910.45 | |
| 008 | 011029s2002 mauak 001 0 eng | |
| 010 | @a2001278794 | |
| 020 | @a0256139881. | |
| 020 | @a0-07-251380-2. | |
| 040 | @aDLC@cDLC | |
| 050 | 00 | @aHF5415.135@b.M39 2002 |
| 082 | 00 | @a658.8/02@2 21 |
| 090 | @aF73 | |
| 099 | @dF73@ex95=3 | |
| 100 | 1 | @aMason, Charlotte H. |
| 245 | 14 | @aThe marketing game! :@bwith student CD-Rom / @cCharlotte H. Mason, William D. Perreault, Jr. |
| 250 | @a3rd ed. | |
| 260 | @aBoston :@bMcGraw-Hill/Irwin,@cc2002. | |
| 260 | @aBerkeley :@bBerkeley. | |
| 300 | @axviii, 100 p. :@bill., forms ;@c28 cm. +@e1 computer optical disc (4 3/4 in.). | |
| 500 | @aSystem requirements for computer disc: Window 95/NT98/2000/ME; 3MB of free RAM; tutorials require a multimedia PC (with sound) and CD-drive; TMGftp requires an Internet connection. | |
| 500 | @aIncludes index. | |
| 650 | 0 | @aMarketing@xDecision making. |
| 650 | 0 | @aManagement games. |
| 700 | 1 | @aPerreault, William D. |
| 906 | @a7@bcbc@corigcop@d2@encip@f20@gy-gencatlg | |
| 925 | 0 | @aacquire@b1 shelf copy@xpolicy default |
| 955 | @apv03 2001-10-29 to SSCD@ise20 2001-11-01; to Dewey 11-01-01@aaa05 2001-11-14 | |
| The marketing game! : : with student CD-Rom / / Charlotte H. Mason, William D. Perreault, Jr.-3rd ed.-Boston : : McGraw-Hill/Irwin, , c2002.-Berkeley : : Berkeley. |
| xviii, 100 p. : : ill., forms ; ; 28 cm. + + 1 computer optical disc (4 3/4 in.). |
| System requirements for computer disc: Window 95/NT98/2000/ME; 3MB of free RAM; tutorials require a multimedia PC (with sound) and CD-drive; TMGftp requires an Internet connection.-Includes index. |
| ISBN 0256139881. |
| ● |
| 相关链接 |
|
|
|
|
正题名:marketing game
索取号:F73/x95=3
 
预约/预借
| 序号 | 登录号 | 条形码 | 馆藏地/架位号 | 状态 | 备注 |
| 1 | 12976 | 300129769 | 第二样本阅览室/ [索取号:F73/x95=3] | 在馆 | |
| 2 | 12977 | 300129778 | 第四借阅区/ [索取号:F73/x95=3] | 在馆 |